| 000 | 00728nam a2200241 a 4500 | ||
|---|---|---|---|
| 008 | |||
| 020 | _a0471631078 (pbk.) | ||
| 049 | _aMAIN | ||
| 090 |
_aRC454 _bHOO |
||
| 100 | _aHooley, Jill M. | ||
| 245 | 0 | 0 |
_aReadings in abnormal psychology / _cJill M. Hooley and John M. Neale and Gerald C. Davison. |
| 260 |
_aNew York : _bWiley , _cc1989. |
||
| 300 |
_aix, 612 p. : _bill. ; _c26 cm. |
||
| 504 | _aIncludes bibliographical references. | ||
| 650 | 0 | _aPsychology, Pathological. | |
| 700 | 1 | _aNeale, John M. | |
| 700 | 1 | _aDavison, Gerald C. | |
| 907 |
_a.b10128104 _b30-01-14 _c19-06-04 |
||
| 003 | |||
| 005 | 20230120203828.0 | ||
| 040 | _cNUST | ||
| 942 |
_cBOOKS _kRC454 _mHOO |
||
| 999 |
_c112218 _d112218 |
||